MAASAI MARA UNIVERSITY

LIBRARY CATALOGUE

Contact Us: +254 020 2685356/7 or 0774 057787

Box: 861-20500, NAROK, KENYA

Email: info@mmarau.ac.ke

LaBute,Neil (Record no. 4631)

MARC details
000 -LEADER
fixed length control field 00362nam a2200133Ia 4500
008 - FIXED-LENGTH DATA ELEMENTS--GENERAL INFORMATION
fixed length control field 151015s9999 xx 000 0 und d
020 ## - INTERNATIONAL STANDARD BOOK NUMBER
International Standard Book Number 9.7805712116e+012
050 ## - LIBRARY OF CONGRESS CALL NUMBER
Classification number PS3612 .A28T48
245 ## - TITLE STATEMENT
Title LaBute,Neil
250 ## - EDITION STATEMENT
Edition statement _This is how it is Neil Labute
300 ## - PHYSICAL DESCRIPTION
Extent New York Faber and Faber 2005
650 ## - SUBJECT ADDED ENTRY--TOPICAL TERM
Topical term or geographic name as entry element _Novel
700 ## - ADDED ENTRY--PERSONAL NAME
Personal name ^d20130521 01:44:53^oanne

No items available.

© 2016 Maasai Mara University.